00810nam a22002537a 450000500170000001000130001702000230003003500130005303700160006604000120008208200150009410000250010924500560013424600060019026000370019627000560023330000210028950000210031065000170033165000270034894200240037599900190039995201380041820170124110200.0 aB-217689 a8184050119c575.00 aB-217689 bCen Lib/Ret aDPLbEN a070.1bNAN aNandi, Charles94849 aPrint media and photojournalism /cby Charles Nandi b  bReference Pressc2006aNew Delhi a4831/24, Ansari Road, Darya GanjbNew Delhie110002 a244p. c21cm(Hb) aIncludes index  aPress917742 aPhotojournalism935952 2ddccENh070.1mNAN c132857d132857 00104070aLbLd2015-07-23eCen Lib/Retg575.00l1o070.1 NANpB-217689r2017-05-17 00:00:00s2017-04-26t1v575.00w2015-07-23yEN